| 000 | 00000nam##2200000za#4500 |
| 001 | 9.643797 |
| 003 | CaOODSP |
| 005 | 20220328113321 |
| 007 | cr ||||||||||| |
| 008 | 150407|1978||||xxc|||||o f|0| 0 fre|d |
| 040 | |aCaOODSP|bfre |
| 043 | |an-cn--- |
| 086 | 1 |aC2-60/1978F-PDF |
| 110 | 1 |aCanada. |bIndustrie Canada. |
| 245 | 10|aL'industrie canadienne de l'automobile : |h[ressource électronique]|bperformance et propositions en vue de son développement / |c[pub. par] Enquête sur l'industrie de l'automobile ; Simon Reisman, commissaire. |
| 246 | 1 |iAutre titre cité pour la publication : |aEnquête sur l'industrie de l'automobile |
| 260 | |aOttawa - Ontario : |bIndustrie Canada |cOctobre 1978. |
| 300 | |a169, 158p.|bgraphiques, tableaux |
| 500 | |aPublication historique numérisée en 2010 par le Bureau du Conseil privé du Canada. |
| 520 | 3 |a« Le présent rapport a été rédigé pour le gouvernement du Canada en vertu d'une Commission conférée aux termes de la Partie 1 de la Loi sur les enquêtes, "chargée de faire une enquête et un rapport sur les moyens d'assurer l'essor au Canada d'une industrie automobile compétitive sur les marchds internationaux. »--Avant-propos, p.5 de 169. |
| 590 | |a15-04-Supp|b2015-03-19 |
| 691 | 07|aCommission d'enquête|2gcpds |
| 691 | 07|aIndustrie de l'automobile|2gcpds |
| 775 | 08|tThe Canadian automotive industry : |w(CaOODSP)9.699817 |
| 856 | 40|ahttp://publications.gc.ca|qPDF|s5.33 Mo|uhttps://publications.gc.ca/collections/collection_2014/ic/C2-60-1978-1-fra.pdf |
| 856 | 40|ahttp://publications.gc.ca|qPDF|s5.28 Mo|uhttps://publications.gc.ca/collections/collection_2014/ic/C2-60-1978-2-fra.pdf |